00545nam a2200205Ia 4500003000900000008004100009040001600050080001200066100001900078245005100097250001200148260003100160300001300191490002800204650001300232650001400245650004100259650001700300700002200317IN-BaIIA211028s9999 xx 000 0 eng d cIIA Library a52bNEW aNewcomb, Simon 0aAstronomycSimon Newcomb and Edward S. Holden a2nd ed. aNew YorkbHenry Holtc1885 ax, 352p. aAmerican science series aArchives aAstronomy aAstronomy and Astrophysics thesaurus aAstrophysics aHolden, Edward S.